[Event "ch-HUN w"]
[Site "Budapest HUN"]
[Date "2003.06.29"]
[EventDate "2003.06.21"]
[Round "9"]
[Result "0-1"]
[White "Ticia Gara"]
[Black "Yelena Dembo"]
[WhiteElo "2298"]
[BlackElo "2402"]
[PlyCount "226"]

1. e4 c5 2. Nf3 Nc6 3. d4 cxd4 4. Nxd4 Nf6 5. Nc3 d6 6. Be2 e5
7. Nf3 Be7 8. O-O h6 9. Re1 O-O 10. h3 Be6 11. Bf1 Rc8 12. Nd5
Bxd5 13. exd5 Nb8 14. c4 Nh7 15. b4 f5 16. Bb2 Ng5 17. Nd2 b6
18. h4 Nh7 19. g3 Nd7 20. Rc1 Bf6 21. Nb3 e4 22. Nd4 Bxd4
23. Bxd4 Qe8 24. Be2 Nhf6 25. Qb3 Qg6 26. Kh2 Ng4+ 27. Bxg4
Qxg4 28. Qd1 Qg6 29. Rc3 Nf6 30. Bxf6 Qxf6 31. Qd2 g5 32. hxg5
hxg5 33. g4 Rc7 34. gxf5 Rh7+ 35. Kg2 Qh6 36. Rg3 Rxf5 37. Rg1
Rhf7 38. Kf1 Rxf2+ 39. Qxf2 Rxf2+ 40. Kxf2 Qf6+ 41. Ke3 Qc3+
42. Kxe4 Qxc4+ 43. Ke3 Qc3+ 44. Ke2 Qe5+ 45. Kf2 Qf4+ 46. Ke2
Qe4+ 47. Kf2 Kf7 48. Rxg5 Kf6 49. R5g3 Qc2+ 50. Ke3 Qc3+
51. Ke2 Qb2+ 52. Ke3 Qa3+ 53. Ke2 Qxa2+ 54. Ke3 Qb3+ 55. Ke2
Qxd5 56. Rg6+ Kf7 57. Rg7+ Kf8 58. Rxa7 Qe4+ 59. Kf2 Qxb4
60. Rh1 Qd4+ 61. Kg2 Qe4+ 62. Kg1 Kg8 63. Rh2 Qe1+ 64. Kg2 b5
65. Ra8+ Kg7 66. Rhh8 Qd2+ 67. Kg3 Qd5 68. Rhb8 Kf6 69. Rf8+
Ke5 70. Rae8+ Kd4 71. Rf4+ Kc5 72. Rc8+ Kb6 73. Rb8+ Ka7
74. Rff8 Qc6 75. Rfc8 Qd7 76. Ra8+ Kb6 77. Rcb8+ Kc5 78. Rd8
Qg7+ 79. Kf3 b4 80. Rdc8+ Kd4 81. Rab8 Qf7+ 82. Ke2 Qe6+
83. Kf3 b3 84. Rb4+ Kd3 85. Rcb8 Kc2 86. R4b6 Qd5+ 87. Kf4
Qc4+ 88. Ke3 d5 89. Rxb3 d4+ 90. Ke4 d3+ 91. Ke3 Qe6+ 92. Kd4
Qf6+ 93. Ke4 d2 94. Rb1 d1=Q 95. Rxd1 Kxd1 96. Kd5 Kd2 97. Rb5
Qf5+ 98. Kc4 Qd3+ 99. Kb4 Kc2 100. Ka4 Qc4+ 101. Ka5 Kc3
102. Kb6 Qd4+ 103. Kc6 Kc4 104. Rb6 Qd5+ 105. Kc7 Kc5 106. Rb7
Qd6+ 107. Kc8 Qf8+ 108. Kc7 Qe8 109. Ra7 Qe7+ 110. Kb8 Qd8+
111. Kb7 Kb5 112. Ra1 Qe7+ 113. Kc8 Qf8+ 0-1

[Event "FSIM July"]
[Site "Budapest HUN"]
[Date "2003.07.17"]
[EventDate "?"]
[Round "13"]
[Result "1/2-1/2"]
[White "Yelena Dembo"]
[Black "Sandor Farago"]
[WhiteElo "2390"]
[BlackElo "2319"]
[PlyCount "143"]

1. e4 Nf6 2. e5 Nd5 3. d4 d6 4. Nf3 g6 5. Bc4 c6 6. O-O Bg7
7. exd6 Qxd6 8. Re1 h6 9. Nbd2 O-O 10. Ne4 Qc7 11. c3 b5
12. Bb3 Nd7 13. Ng3 e6 14. Qe2 Bb7 15. h4 a6 16. h5 g5
17. Bxd5 cxd5 18. Nh2 Rae8 19. f4 f5 20. Qf2 g4 21. Bd2 Nb6
22. b3 Nc8 23. Nhf1 Nd6 24. Ne3 b4 25. Rac1 bxc3 26. Bxc3 Qb6
27. Qd2 Rf7 28. Bb2 Rd8 29. Red1 Rfd7 30. Ba3 Ne4 31. Nxe4
dxe4 32. Bc5 Qb5 33. Qc3 Bd5 34. Rb1 Rb7 35. Qe1 Qe8 36. Qe2
Qxh5 37. Qxa6 g3 38. Rb2 Rc8 39. Rbd2 Qh2+ 40. Kf1 Bc6 41. a4
Rbc7 42. Qb6 Bd5 43. Ke2 Rb7 44. Qa6 Qh5+ 45. Kf1 Rxc5
46. dxc5 Rxb3 47. Rxd5 exd5 48. Qe6+ Kh7 49. Qxf5+ Qxf5
50. Nxf5 Bf8 51. Rxd5 Rc3 52. Nd6 Rc1+ 53. Ke2 Rc2+ 54. Ke3
Rxg2 55. Nxe4 Rc2 56. Nxg3 Rc3+ 57. Kf2 Bxc5+ 58. Kg2 Bf8
59. Rd7+ Kg8 60. Ne4 Rc6 61. Ra7 Bg7 62. Kf3 h5 63. f5 Rb6
64. Ng5 Bf6 65. Ra8+ Kg7 66. Ne6+ Kf7 67. a5 Rb5 68. Ra7+ Kg8
69. Ke4 Rb4+ 70. Kf3 Rb3+ 71. Ke4 Rb4+ 72. Kf3 1/2-1/2

[Event "Athens Acropolis WGM"]
[Site "President Hotel, Athens"]
[Date "2005.03.09"]
[EventDate "2005.03.06"]
[Round "4.2"]
[Result "1/2-1/2"]
[White "Cristina-Adela Foisor"]
[Black "Yelena Dembo"]
[WhiteElo "2411"]
[BlackElo "2395"]
[PlyCount "50"]

1. c4 g6 2. Nc3 Bg7 3. g3 d6 4. Bg2 e5 5. d3 Nc6 6. e4 f5
7. Nge2 Nf6 8. O-O O-O 9. Nd5 Nxd5 10. cxd5 Ne7 11. d4 fxe4
12. dxe5 dxe5 13. Nc3 Nf5 14. Nxe4 Nd4 15. Be3 Bf5 16. Rc1
Bxe4 17. Bxe4 Rf7 18. h4 Nf5 19. Bg5 Bf6 20. Qd2 Bxg5 21. Qxg5
Qxg5 22. hxg5 Nd6 23. Bg2 Re8 24. Rfe1 e4 25. Rc2 Re5 1/2-1/2

[Event "Athens Acropolis WGM"]
[Site "President Hotel, Athens"]
[Date "2005.03.13"]
[EventDate "2005.03.06"]
[Round "8.2"]
[Result "1-0"]
[White "Yelena Dembo"]
[Black "Inga Khurtsilava"]
[WhiteElo "2395"]
[BlackElo "2268"]
[PlyCount "63"]

1. e4 c5 2. Nf3 b6 3. d4 cxd4 4. Nxd4 Bb7 5. Bd3 Nc6 6. Nxc6
dxc6 7. O-O Qc7 8. Qe2 e6 9. a4 Bd6 10. f4 Ne7 11. Be3 e5
12. f5 Ng8 13. Nd2 Qe7 14. a5 b5 15. a6 Bc8 16. c4 b4 17. Nb3
Nf6 18. c5 Bc7 19. Bd2 Rb8 20. Ra4 O-O 21. Rxb4 Rxb4 22. Bxb4
Rd8 23. Bc2 g6 24. Bc3 Nh5 25. Bd2 Nf4 26. Qc4 Rxd2 27. Nxd2
Bxa6 28. Qxa6 Qxc5+ 29. Kh1 Qxc2 30. Qc8+ Kg7 31. Qxc7 Nd3
32. fxg6 1-0

[Event "Athens Acropolis WGM"]
[Site "President Hotel, Athens"]
[Date "2005.03.14"]
[EventDate "2005.03.06"]
[Round "9.2"]
[Result "1/2-1/2"]
[White "Yelena Dembo"]
[Black "Elena Sedina"]
[WhiteElo "2395"]
[BlackElo "2416"]
[PlyCount "21"]

1. e4 e6 2. d4 d5 3. Nd2 c5 4. Ngf3 Nc6 5. exd5 exd5 6. Bb5
Bd6 7. dxc5 Bxc5 8. O-O Nge7 9. Nb3 Bd6 10. Re1 O-O 11. Bg5
1/2-1/2

[Event "34th Greek Teams Championship"]
[Site "Ermioni Argolidas GRE"]
[Date "2005.07.09"]
[EventDate "2005.07.04"]
[Round "7"]
[Result "1/2-1/2"]
[White "Yelena Dembo"]
[Black "Stelios Halkias"]
[WhiteElo "2428"]
[BlackElo "2548"]
[PlyCount "42"]

1. e4 c5 2. Nf3 e6 3. d4 cxd4 4. Nxd4 Nf6 5. Nc3 Nc6 6. Nxc6
bxc6 7. e5 Nd5 8. Ne4 Qa5+ 9. c3 f5 10. exf6 Nxf6 11. Nd6+
Bxd6 12. Qxd6 Ba6 13. Bxa6 Qxa6 14. b3 Kf7 15. c4 Rhb8 16. O-O
Rxb3 17. axb3 Qxa1 18. Bg5 Qc3 19. Bxf6 Kxf6 20. Qxd7 Qxb3
21. Qd4+ Kf7 1/2-1/2

[Event "34th Greek Teams Championship"]
[Site "Ermioni Argolidas GRE"]
[Date "2005.07.10"]
[EventDate "2005.07.04"]
[Round "8"]
[Result "1/2-1/2"]
[White "Yelena Dembo"]
[Black "Hristos Banikas"]
[WhiteElo "2428"]
[BlackElo "2548"]
[PlyCount "97"]

1. e4 c5 2. Nf3 d6 3. d4 cxd4 4. Nxd4 Nf6 5. Nc3 a6 6. Be2 e6
7. O-O Qc7 8. a4 Nc6 9. Be3 Be7 10. Kh1 O-O 11. f4 Re8 12. Qe1
Nxd4 13. Bxd4 e5 14. fxe5 dxe5 15. Qg3 Bd8 16. Be3 Kh8 17. Bd3
Be6 18. Rf3 Nh5 19. Qf2 Nf4 20. Bxf4 exf4 21. Rxf4 Qe5 22. g3
Ba5 23. Rf1 Rad8 24. Rh4 h6 25. Qf4 Qxf4 26. gxf4 Bxc3
27. bxc3 Bd7 28. e5 Bxa4 29. Kg1 Bc6 30. Kf2 Re7 31. Ra1 Rf8
32. Re1 Rfe8 33. Ra1 Rc7 34. Ra5 Bd7 35. c4 Be6 36. f5 Bc8
37. Rd5 Bd7 38. Ra5 Kg8 39. f6 Rc6 40. Be4 Rc7 41. Bd3 Rc6
42. Be4 Rc7 43. Bd3 Kf8 44. Kf3 Rc6 45. Rd4 Rc7 46. Rh4 Rc6
47. Rd4 Rc7 48. Rh4 Re6 49. Bf5 1/2-1/2

[Event "35th Greek Team Championship"]
[Site "Ermioni GRE"]
[Date "2006.??.??"]
[EventDate "2006.07.03"]
[Round "8"]
[Result "1/2-1/2"]
[White "Yelena Dembo"]
[Black "Ilias Kourkounakis"]
[WhiteElo "2465"]
[BlackElo "2379"]
[PlyCount "107"]

1. e4 c6 2. d4 d5 3. Nc3 dxe4 4. Nxe4 Bf5 5. Ng3 Bg6 6. Bc4 e6
7. N1e2 Bd6 8. h4 Ne7 9. Nf4 Nf5 10. Nxf5 Bxf5 11. Be3 Qa5+
12. c3 Nd7 13. g4 Be4 14. f3 Bd5 15. Bd3 e5 16. Nxd5 Qxd5
17. Be4 Qb5 18. Qb3 Qb6 19. O-O-O Qxb3 20. axb3 Nf6 21. dxe5
Bxe5 22. Bc2 O-O 23. g5 Nd5 24. Bc5 Rfe8 25. Be4 Bf4+ 26. Kb1
b6 27. Bf2 Rad8 28. Rhe1 h6 29. gxh6 Bxh6 30. Kc2 Kf8 31. b4
f5 32. Bxf5 Rxe1 33. Rxe1 Nxb4+ 34. cxb4 Rd2+ 35. Kb1 g6
36. Bxg6 Rxf2 37. Re8+ Kg7 38. h5 Bd2 39. Re7+ Kh6 40. Rxa7
Rxf3 41. Rb7 Be3 42. Rc7 Rf4 43. Rxc6 Rxb4 44. Kc2 Rh4 45. Kd3
Bc5 46. Rc7 Kg5 47. Be8 Rh3+ 48. Kc4 Rh4+ 49. Kd5 Rd4+ 50. Kc6
Rb4 51. Rg7+ Kh6 52. Rg2 Bd4 53. Rg4 Bc5 54. Rxb4 1/2-1/2

[Event "35th Greek Team Championship"]
[Site "Ermioni GRE"]
[Date "2006.07.03"]
[EventDate "2006.07.03"]
[Round "1"]
[Result "1/2-1/2"]
[White "Yelena Dembo"]
[Black "Anatoli Vaisser"]
[WhiteElo "2465"]
[BlackElo "2568"]
[PlyCount "70"]

1. e4 e6 2. d4 d5 3. Nd2 c5 4. Ngf3 Nc6 5. Bb5 dxe4 6. Nxe4
Qa5+ 7. Nc3 Bd7 8. Bd2 cxd4 9. Nxd4 Qc7 10. Bxc6 Bxc6 11. Qe2
a6 12. Nxc6 Qxc6 13. O-O-O Nf6 14. g4 Rc8 15. Kb1 Qc4 16. Qxc4
Rxc4 17. f3 Be7 18. Be3 h6 19. h4 Bc5 20. Rhe1 Bxe3 21. Rxe3
g5 22. Rh1 Rg8 23. hxg5 hxg5 24. b3 Rc7 25. Ne4 Nxe4 26. fxe4
Ke7 27. Rf3 Rc5 28. Rh7 Rf8 29. Kb2 Re5 30. Rg7 b5 31. Rf2 a5
32. Kc3 Rxe4 33. Rxg5 e5 34. Kd3 Rd4+ 35. Ke3 f6 1/2-1/2

[Event "35th Greek Team Championship"]
[Site "Ermioni GRE"]
[Date "2006.07.04"]
[EventDate "2006.07.03"]
[Round "2"]
[Result "1/2-1/2"]
[White "Yelena Dembo"]
[Black "Konstantinos Prentos"]
[WhiteElo "2465"]
[BlackElo "2258"]
[PlyCount "91"]

1. e4 c5 2. Nf3 d6 3. d4 cxd4 4. Nxd4 Nf6 5. Nc3 a6 6. Bc4 e6
7. Bb3 Nbd7 8. O-O Nc5 9. f4 Nfxe4 10. Nxe4 Nxe4 11. f5 e5
12. Qh5 d5 13. Re1 Bc5 14. Rxe4 Bxd4+ 15. Rxd4 Qb6 16. c3 exd4
17. Qe2+ Kf8 18. Qe5 Qf6 19. Qxd5 h6 20. Bf4 Bxf5 21. Be5 Qg6
22. Rf1 Kg8 23. Rf3 Be4 24. Qxf7+ Kh7 25. Rg3 Qxf7 26. Bxf7
Rhg8 27. cxd4 g5 28. Bxg8+ Rxg8 29. Rc3 Bc6 30. Rc5 Rd8 31. h3
Kg6 32. Rc3 h5 33. Rc2 Rf8 34. Re2 Rf7 35. Bd6 Rf5 36. b3 Rf6
37. Be5 Rf7 38. Rd2 Bd5 39. Rd3 Rf8 40. Rc3 Bc6 41. a4 Rf7
42. Rc5 Rd7 43. h4 gxh4 44. Kh2 Kf5 45. Rc2 Ke4 46. Kh3
1/2-1/2

[Event "35th Greek Team Championship"]
[Site "Ermioni GRE"]
[Date "2006.07.06"]
[EventDate "2006.07.03"]
[Round "4"]
[Result "0-1"]
[White "Panayotis Kanellopoulos"]
[Black "Yelena Dembo"]
[WhiteElo "2271"]
[BlackElo "2465"]
[PlyCount "80"]

1. Nf3 Nf6 2. c4 g6 3. Nc3 Bg7 4. g3 O-O 5. Bg2 d6 6. O-O Nc6
7. d3 e5 8. Rb1 h6 9. b4 Be6 10. b5 Ne7 11. a4 Nh5 12. Qc2 Qd7
13. Ba3 b6 14. Nd2 Rac8 15. Nd5 f5 16. Bb2 f4 17. Nxe7+ Qxe7
18. a5 Qd7 19. Bb7 Rb8 20. Bc6 Qc8 21. axb6 axb6 22. Ra1 Bh3
23. Bg2 Bxg2 24. Kxg2 Qf5 25. f3 fxg3 26. hxg3 Rf7 27. Ne4 g5
28. Bc1 g4 29. Be3 Nf4+ 30. gxf4 exf4 31. Bg1 Bxa1 32. Rxa1
Rg7 33. Bd4 gxf3+ 34. Kxf3 Qh3+ 35. Kf2 Qh4+ 36. Kf1 Qh1+
37. Kf2 Rg2+ 38. Kf3 Qh3+ 39. Kxf4 Rg4+ 40. Kf5 Qh5+ 0-1

[Event "Biel Int'l Festival (Ladies)"]
[Site "Biel SUI"]
[Date "2006.07.24"]
[EventDate "2006.07.24"]
[Round "1"]
[Result "1/2-1/2"]
[White "Yelena Dembo"]
[Black "Monika (Bobrowska) Socko"]
[WhiteElo "2465"]
[BlackElo "2464"]
[PlyCount "73"]

1. e4 d6 2. d4 Nf6 3. Nc3 g6 4. f4 Bg7 5. Nf3 O-O 6. Bd3 Na6
7. O-O c5 8. d5 Rb8 9. Kh1 Bg4 10. h3 Bxf3 11. Qxf3 Nb4 12. a4
a6 13. Qe2 e6 14. dxe6 fxe6 15. Na2 Nc6 16. c3 d5 17. exd5
exd5 18. Be3 Nh5 19. Rf3 Qd6 20. Qf2 d4 21. Bd2 b5 22. axb5
axb5 23. Re1 c4 24. Be4 Rbd8 25. Bxc6 Qxc6 26. Nb4 Qd6 27. Re4
Rfe8 28. Qe1 Rxe4 29. Qxe4 Nf6 30. Qc6 dxc3 31. Bxc3 Qxc6
32. Nxc6 Rd1+ 33. Kh2 Nd5 34. Be5 b4 35. f5 c3 36. f6 Nxf6
37. bxc3 1/2-1/2

[Event "Biel Int'l Festival (Ladies)"]
[Site "Biel SUI"]
[Date "2006.07.28"]
[EventDate "2006.07.24"]
[Round "5"]
[Result "1-0"]
[White "Yelena Dembo"]
[Black "Ekaterina Polovnikova-Atalik"]
[WhiteElo "2465"]
[BlackElo "2377"]
[PlyCount "81"]

1. e4 e5 2. Nf3 Nc6 3. Bb5 a6 4. Ba4 Nf6 5. O-O Nxe4 6. d4 b5
7. Bb3 d5 8. dxe5 Be6 9. Be3 Be7 10. Nbd2 O-O 11. c3 Qd7
12. Re1 Nxd2 13. Qxd2 Rad8 14. Rad1 Na5 15. Bg5 Nc4 16. Bxc4
bxc4 17. Bxe7 Qxe7 18. Nd4 Qd7 19. Qe3 Rb8 20. Rd2 Rb6 21. f4
Rfb8 22. b4 cxb3 23. Nxb3 Qe7 24. Rf1 g6 25. h3 h5 26. Kh2 Rc8
27. Nd4 c5 28. Nf3 Rcb8 29. Qf2 Rb1 30. Rxb1 Rxb1 31. Nh4 Rc1
32. Qg3 Kh7 33. Rf2 Bf5 34. Nxf5 gxf5 35. Qe3 Ra1 36. Qf3 Kg6
37. Qxd5 Qe6 38. Qd8 Kg7 39. Rf3 Qg6 40. e6 Re1 41. e7 1-0

[Event "Biel Int'l Festival (Ladies)"]
[Site "Biel SUI"]
[Date "2006.07.31"]
[EventDate "2006.07.24"]
[Round "7"]
[Result "1/2-1/2"]
[White "Yelena Dembo"]
[Black "Almira Skripchenko"]
[WhiteElo "2465"]
[BlackElo "2421"]
[PlyCount "53"]

1. e4 c5 2. Nf3 Nc6 3. d4 cxd4 4. Nxd4 e5 5. Nb5 d6 6. c4 Be7
7. N1c3 a6 8. Na3 f5 9. exf5 Bxf5 10. Bd3 Be6 11. O-O Nf6
12. Bg5 O-O 13. Bxf6 Rxf6 14. Nc2 Qd7 15. Nd5 Bxd5 16. cxd5
Na7 17. Ne3 Raf8 18. a4 Rf4 19. Qc2 g6 20. Be4 Bd8 21. g3 R4f7
22. Qb3 Nc8 23. a5 Na7 24. Kg2 Nb5 25. Qa4 Qc8 26. Qc2 Qd7
27. Qa4 1/2-1/2

[Event "Biel Int'l Festival (Ladies)"]
[Site "Biel SUI"]
[Date "2006.08.01"]
[EventDate "2006.07.24"]
[Round "8"]
[Result "1-0"]
[White "Pia Cramling"]
[Black "Yelena Dembo"]
[WhiteElo "2521"]
[BlackElo "2465"]
[PlyCount "95"]

1. d4 Nf6 2. Nf3 g6 3. Bf4 Bg7 4. e3 O-O 5. Be2 d6 6. h3 c5
7. c3 Nbd7 8. O-O b6 9. Nbd2 Bb7 10. a4 a6 11. Qb1 Qc7 12. Bh2
Rad8 13. Rd1 Qb8 14. e4 e5 15. d5 Nh5 16. Nc4 Nf4 17. Bf1 Qc7
18. Ne3 Bc8 19. Ra2 Nb8 20. b4 c4 21. Nxc4 f5 22. Bxf4 exf4
23. e5 Bxe5 24. Nfxe5 dxe5 25. d6 Qg7 26. Nxb6 Be6 27. c4 Nc6
28. Rad2 g5 29. c5 g4 30. hxg4 fxg4 31. Qe4 g3 32. Qxc6 Qh6
33. Bc4 Qh2+ 34. Kf1 Bxc4+ 35. Nxc4 f3 36. Qd5+ Kg7 37. Qxe5+
Kh6 38. Qe6+ Kg7 39. Qh3 Kh8 40. Ne5 fxg2+ 41. Qxg2 Qh5
42. Qxg3 Rf5 43. Re1 Rg8 44. Qe3 Qh1+ 45. Ke2 Rxf2+ 46. Qxf2
Qe4+ 47. Qe3 Rg2+ 48. Kf1 1-0

[Event "Biel Int'l Festival (Ladies)"]
[Site "Biel SUI"]
[Date "2006.08.02"]
[EventDate "2006.07.24"]
[Round "9"]
[Result "1-0"]
[White "Ekaterina Polovnikova-Atalik"]
[Black "Yelena Dembo"]
[WhiteElo "2377"]
[BlackElo "2465"]
[PlyCount "59"]

1. d4 Nf6 2. c4 g6 3. Nc3 Bg7 4. e4 d6 5. Be2 O-O 6. Bg5 c5
7. d5 h6 8. Bf4 a6 9. Qd2 Kh7 10. a4 Qa5 11. Ra3 e5 12. Be3
Qd8 13. h3 Ng8 14. g4 f5 15. gxf5 gxf5 16. exf5 Bxf5 17. Bd3
Nd7 18. Bxf5+ Rxf5 19. Qc2 e4 20. Nxe4 Kh8 21. Nxd6 Rf8
22. Nf5 Qf6 23. Nxg7 Qxg7 24. Ne2 Ne5 25. Bxc5 Nf3+ 26. Kd1
Qg2 27. Ng3 Rae8 28. Kc1 Rf4 29. Rd1 Rc8 30. Nh5 1-0

[Event "European Union Championships"]
[Site "Liverpool ENG"]
[Date "2008.09.12"]
[EventDate "2008.09.09"]
[Round "4"]
[Result "0-1"]
[White "Yelena Dembo"]
[Black "Jan Smeets"]
[WhiteElo "2431"]
[BlackElo "2593"]
[PlyCount "98"]

1. e4 c5 2. Nf3 d6 3. d4 cxd4 4. Nxd4 Nf6 5. Nc3 a6 6. Bc4 e6
7. Bb3 Nbd7 8. f4 Nc5 9. O-O Ncxe4 10. Nxe4 Nxe4 11. f5 e5
12. Qh5 d5 13. Re1 Qc7 14. Ne6 Bxe6 15. fxe6 Qb6+ 16. Be3 Qxe6
17. Bf2 g6 18. Qf3 f5 19. Rad1 Rd8 20. Qd3 Bc5 21. Bxc5 Nxc5
22. Qe3 Ne4 23. Rd3 Rd7 24. Red1 Nf6 25. Re1 e4 26. c4 dxc4
27. Rxd7 Nxd7 28. Qc3 Qe5 29. Qxc4 Qc5+ 30. Qxc5 Nxc5 31. Rc1
b6 32. Bc4 a5 33. a3 a4 34. Bb5+ Ke7 35. Rc4 Rd8 36. Bxa4 Nxa4
37. Rxa4 Rd1+ 38. Kf2 Rd2+ 39. Kf1 Rxb2 40. Ra7+ Kf6 41. Rxh7
f4 42. Rb7 Kg5 43. a4 e3 44. Rf7 Rf2+ 45. Kg1 Ra2 46. Kf1 Rxa4
47. g3 Kg4 48. Ke2 Ra2+ 49. Kd3 g5 0-1

[Event "European Union Championships"]
[Site "Liverpool ENG"]
[Date "2008.09.13"]
[EventDate "2008.09.09"]
[Round "5"]
[Result "0-1"]
[White "Povilas Lasinskas"]
[Black "Yelena Dembo"]
[WhiteElo "2269"]
[BlackElo "2431"]
[PlyCount "76"]

1. d4 Nf6 2. c4 g6 3. Nc3 Bg7 4. Bg5 h6 5. Bf4 d6 6. Nf3 Nbd7
7. Qc2 c5 8. d5 a6 9. a4 Nf8 10. Rd1 g5 11. Bg3 Nh5 12. e3
Nxg3 13. hxg3 Qa5 14. Nd2 Bd7 15. Ra1 Ng6 16. f4 O-O-O 17. Bd3
gxf4 18. gxf4 Kb8 19. Kf2 Rdg8 20. Rab1 Ka8 21. Nde4 Rf8
22. Ng3 Rhg8 23. Nf5 Bxf5 24. Bxf5 Re8 25. b4 cxb4 26. Na2 Qc5
27. Bxg6 fxg6 28. Nxb4 Rgf8 29. Nd3 Qa7 30. a5 g5 31. g3 gxf4
32. gxf4 e5 33. Rb6 exf4 34. Rhb1 fxe3+ 35. Ke2 Bd4 36. c5
Bxc5 37. Rxb7 Qxb7 38. Rxb7 Rf2+ 0-1

[Event "European Union Championships"]
[Site "Liverpool ENG"]
[Date "2008.09.14"]
[EventDate "2008.09.09"]
[Round "6"]
[Result "1/2-1/2"]
[White "Yelena Dembo"]
[Black "Stewart Haslinger"]
[WhiteElo "2431"]
[BlackElo "2511"]
[PlyCount "50"]

1. e4 e5 2. Nf3 Nc6 3. d4 exd4 4. Nxd4 Bc5 5. Be3 Qf6 6. c3
Nge7 7. Bc4 b6 8. Qd2 Qg6 9. O-O Ne5 10. Be2 Qxe4 11. b4 Bd6
12. f3 Qg6 13. Nb5 O-O 14. Nxd6 cxd6 15. Na3 Bb7 16. Bf4 Nf5
17. Nb5 h5 18. Nxd6 Qxd6 19. Qxd6 Nxd6 20. Bxe5 Rfe8 21. Bxd6
Rxe2 22. Rfe1 Rae8 23. Rxe2 Rxe2 24. h4 f6 25. a4 Rc2 1/2-1/2

[Event "European Union Championships"]
[Site "Liverpool ENG"]
[Date "2008.09.15"]
[EventDate "2008.09.09"]
[Round "7"]
[Result "1/2-1/2"]
[White "Yelena Dembo"]
[Black "David Baramidze"]
[WhiteElo "2431"]
[BlackElo "2593"]
[PlyCount "49"]

1. e4 e5 2. Nf3 Nc6 3. d4 exd4 4. Nxd4 Bb4+ 5. c3 Bc5 6. Nxc6
bxc6 7. Nd2 Ne7 8. Nb3 Bb6 9. c4 c5 10. Bd3 d6 11. O-O O-O
12. Qh5 Nc6 13. Bg5 Qe8 14. e5 f5 15. Qxe8 Rxe8 16. exd6 cxd6
17. Rfd1 a5 18. Bf1 a4 19. Rxd6 axb3 20. Rxc6 Rxa2 21. Rb1 Ba7
22. f3 Bb7 23. Rc7 Bc8 24. Rc6 Bb7 25. Rc7 1/2-1/2

[Event "European Union Championships"]
[Site "Liverpool ENG"]
[Date "2008.09.16"]
[EventDate "2008.09.09"]
[Round "8"]
[Result "0-1"]
[White "Charles H Storey"]
[Black "Yelena Dembo"]
[WhiteElo "2268"]
[BlackElo "2431"]
[PlyCount "108"]

1. c4 g6 2. Nc3 Bg7 3. g3 d6 4. Bg2 e5 5. e4 Nc6 6. Nge2 f5
7. d3 Nf6 8. O-O O-O 9. Nd5 h6 10. Be3 Be6 11. Qb3 Rb8
12. Rae1 Kh7 13. f3 Qd7 14. Qc2 Rbe8 15. Qa4 a6 16. Qb3 Qc8
17. Rc1 Nd7 18. Qa3 Nd4 19. Bxd4 exd4 20. Ndf4 Bf7 21. Bh3
fxe4 22. dxe4 Qd8 23. Nd3 Ne5 24. Nxe5 dxe5 25. Rfd1 Qf6
26. Bg2 Qb6 27. Rd3 c5 28. Rc2 Rc8 29. Rb3 Qc7 30. Bh3 Rcd8
31. Rd3 Qd6 32. b3 Qe7 33. Qc1 h5 34. Bg2 Bh6 35. Qa3 Be6
36. Qa5 Rc8 37. Kf1 h4 38. Ke1 hxg3 39. hxg3 Kg7 40. Kd1 Qc7
41. Qxc7+ Rxc7 42. Nc1 b5 43. Ke2 Rb8 44. Rd1 bxc4 45. bxc4
Rb4 46. Kd3 a5 47. Ne2 Rcb7 48. f4 Ra4 49. Nc1 Ra3+ 50. Kd2
Rxg3 51. Ke1 Bxf4 52. Nd3 Bg4 53. Rdd2 Bxd2+ 54. Rxd2 Rf7 0-1

[Event "Mindsports"]
[Site "Beijing CHN"]
[Date "2008.10.04"]
[EventDate "2008.10.04"]
[Round "1"]
[Result "1-0"]
[White "Yelena Dembo"]
[Black "Valentina Golubenko"]
[WhiteElo "2446"]
[BlackElo "2273"]
[PlyCount "159"]

1. e4 c5 2. Nf3 e6 3. d4 cxd4 4. Nxd4 Nf6 5. Nc3 d6 6. g4 Nc6
7. g5 Nd7 8. Be3 Be7 9. h4 a6 10. Qd2 Nde5 11. Be2 Na5 12. b3
d5 13. f4 Nec6 14. e5 Nxd4 15. Bxd4 Nc6 16. Bf3 Qc7 17. Ne2
Bd7 18. Bb2 Bb4 19. Bc3 Bc5 20. Kf1 Qb6 21. Kg2 Be3 22. Qe1 d4
23. Bd2 Bxd2 24. Qxd2 O-O-O 25. a3 f6 26. exf6 gxf6 27. Ng3 e5
28. f5 Ne7 29. Be4 Bc6 30. Qd3 Nd5 31. Bxd5 Bxd5+ 32. Ne4 Qc6
33. Rhe1 Rhg8 34. Kf2 Bxe4 35. Qxe4 fxg5 36. Qxc6+ bxc6
37. hxg5 Rxg5 38. Rxe5 Rf8 39. Ke2 Rfxf5 40. Rxf5 Rxf5 41. Kd3
c5 42. b4 h5 43. Rh1 Rf3+ 44. Ke4 Re3+ 45. Kf4 Rxa3 46. bxc5
Rc3 47. Rxh5 Rxc2 48. Ke4 Rc4 49. Kd5 Rc1 50. Kc6 Kd8 51. Rd5+
Ke8 52. Rxd4 a5 53. Kd6 a4 54. Rxa4 Rd1+ 55. Kc7 Rd7+ 56. Kc6
Rd1 57. Ra8+ Ke7 58. Rc8 Rc1 59. Kb6 Kd7 60. Rc7+ Kd8 61. Rc6
Rb1+ 62. Ka7 Ra1+ 63. Kb7 Rb1+ 64. Rb6 Rc1 65. Rd6+ Ke7
66. Rc6 Rb1+ 67. Kc7 Rc1 68. Kc8 Rc2 69. Rc7+ Ke8 70. c6 Ra2
71. Rh7 Ra8+ 72. Kb7 Ra1 73. Rh8+ Ke7 74. c7 Rb1+ 75. Ka6 Ra1+
76. Kb6 Rb1+ 77. Ka5 Ra1+ 78. Kb4 Rb1+ 79. Ka3 Ra1+ 80. Kb2
1-0

[Event "Mindsports"]
[Site "Beijing CHN"]
[Date "2008.10.04"]
[EventDate "2008.10.04"]
[Round "3"]
[Result "0-1"]
[White "Yelena Dembo"]
[Black "Hoang Thi Bao Tram"]
[WhiteElo "2446"]
[BlackElo "2250"]
[PlyCount "69"]

1. e4 e5 2. Nf3 Nf6 3. d4 Nxe4 4. Bd3 d5 5. dxe5 Nc5 6. Nc3 c6
7. Be2 Be7 8. O-O O-O 9. Be3 Qc7 10. Bf4 Be6 11. Bg3 Nbd7
12. Re1 Qb6 13. Rb1 f6 14. b4 Ne4 15. Nxe4 dxe4 16. Nd4 Bxa2
17. Nf5 Bxb4 18. Qxd7 Rf7 19. Qd4 Qxd4 20. Nxd4 Bxe1 21. Rxe1
fxe5 22. Bxe5 Rd8 23. Ra1 Bd5 24. c4 c5 25. cxd5 cxd4 26. d6
d3 27. Bd1 Rf5 28. Bg3 Rb5 29. f3 e3 30. Kf1 Rb2 31. Ba4 b5
32. Bd1 e2+ 33. Bxe2 dxe2+ 34. Ke1 Rd7 35. Rc1 0-1

[Event "Mindsports"]
[Site "Beijing CHN"]
[Date "2008.10.04"]
[EventDate "2008.10.04"]
[Round "4"]
[Result "1-0"]
[White "Jennifer Shahade"]
[Black "Yelena Dembo"]
[WhiteElo "2322"]
[BlackElo "2446"]
[PlyCount "95"]

1. e4 c5 2. Nf3 Nc6 3. c3 Nf6 4. e5 Nd5 5. d4 cxd4 6. cxd4 d6
7. Bc4 e6 8. O-O Be7 9. Qe2 O-O 10. Nc3 dxe5 11. dxe5 Nxc3
12. bxc3 Qa5 13. Bd3 Rd8 14. Rd1 Qa4 15. Bg5 Bxg5 16. Nxg5 h6
17. Bh7+ Kf8 18. Rxd8+ Nxd8 19. Rd1 Bd7 20. Bc2 Qc6 21. Nf3
Rc8 22. Qd3 Ke7 23. Nd4 Qc7 24. Qh7 Qxc3 25. Qxg7 Nc6 26. Qf6+
Ke8 27. Nxc6 Rxc6 28. Ba4 Qc1 29. Qf3 Qc3 30. Bxc6 Qxc6
31. Qf6 a5 32. Qxh6 a4 33. Qh8+ Ke7 34. Qf6+ Ke8 35. h4 Qc2
36. Re1 a3 37. h5 Bc6 38. Qg5 Qh7 39. Rd1 Bd5 40. h6 Qc2
41. Rxd5 exd5 42. Qg8+ Ke7 43. h7 Qc1+ 44. Kh2 Qh6+ 45. Kg3
Qd2 46. h8=Q Qc3+ 47. Kh2 Ke6 48. Qf6+ 1-0

[Event "Mindsports"]
[Site "Beijing CHN"]
[Date "2008.10.04"]
[EventDate "2008.10.04"]
[Round "8"]
[Result "1-0"]
[White "Yelena Dembo"]
[Black "Zuzana Borosova"]
[WhiteElo "2446"]
[BlackElo "2234"]
[PlyCount "115"]

1. e4 e5 2. Nf3 Nc6 3. d4 exd4 4. Nxd4 Nf6 5. Nxc6 bxc6 6. e5
Qe7 7. Qe2 Nd5 8. c4 Ba6 9. b3 O-O-O 10. Bb2 g5 11. Nd2 Bg7
12. g3 Nb4 13. O-O-O Nxa2+ 14. Kb1 Nb4 15. f4 Rhe8 16. Qe4 f6
17. Nf3 Bb7 18. Qxh7 gxf4 19. exf6 Bxf6 20. Qxe7 Bxe7 21. Ne5
Rg8 22. Bh3 Bd6 23. Nf7 c5 24. Rhe1 Rde8 25. Nxd6+ cxd6
26. Rxe8+ Rxe8 27. Bc3 fxg3 28. hxg3 Kc7 29. Bg4 Nc6 30. Bf3
Ne5 31. Bxb7 Kxb7 32. Rxd6 Kc7 33. Rd5 d6 34. Kb2 Kc6 35. Rd2
Rg8 36. Rg2 Nd3+ 37. Kb1 Ne5 38. Bxe5 dxe5 39. Kc2 Rg4 40. Kd3
Rd4+ 41. Ke3 Rg4 42. Kf3 Rd4 43. g4 Rd3+ 44. Ke4 Rxb3 45. g5
Rb8 46. g6 Kd6 47. g7 Rg8 48. Kf5 Ke7 49. Kg6 e4 50. Kh7 Ra8
51. Re2 Kf6 52. Rxe4 a5 53. g8=Q Rxg8 54. Kxg8 a4 55. Kf8 Kf5
56. Re3 Kf4 57. Ra3 Ke4 58. Rxa4 1-0